书目信息 |
| 题名: |
英汉·汉英制冷与低温词汇
|
|
| 作者: | 陈国邦 主编 | |
| 分册: | ||
| 出版信息: | 北京 化学工业出版社 2008.01 |
|
| 页数: | 505页 | |
| 开本: | 21cm | |
| 丛书名: | ||
| 单 册: | ||
| 中图分类: | TB6-61 | |
| 科图分类: | ||
| 主题词: | 制冷--zhi leng--词汇--英、汉 , 低温--di wen--词汇--英、汉 | |
| 电子资源: | ||
| ISBN: | 978-7-122-01380-4 | |
| 000 | 01086nam0 2200253 450 | |
| 001 | 012008902015 | |
| 005 | 20080413174505.48 | |
| 010 | @a978-7-122-01380-4@dCNY68.00 | |
| 100 | @a20080413d2008 em y0chiy0120 ea | |
| 101 | 0 | @achi@aeng |
| 102 | @aCN@b110000 | |
| 105 | @ay z 000yy | |
| 106 | @ar | |
| 200 | 1 | @a英汉·汉英制冷与低温词汇@Aying han·han ying zhi leng yu di wen ci hui@d= English-Chinese and Chinese-English dictionary of refrigeration and cryogenics@f陈国邦主编@Fchen guo bang zhu bian@zeng |
| 210 | @a北京@c化学工业出版社@d2008.01 | |
| 215 | @a505页@d21cm | |
| 330 | @a本词汇收词50000余条,所收词汇主要来自最新的制冷与低温的教科书、专著和手册、国家及行业标准、专业期刊、产品样本及说明书等,内容涉及低温、制冷及空调技术的工艺原理等基本词汇。 | |
| 510 | 1 | @aEnglish-Chinese and Chinese-English dictionary of refrigeration and cryogenics@zeng |
| 606 | 0 | @a制冷@Azhi leng@x词汇@x英、汉 |
| 606 | 0 | @a低温@Adi wen@x词汇@x英、汉 |
| 690 | @aTB6-61@v4 | |
| 701 | 0 | @a陈国邦@Achen guo bang@4主编 |
| 801 | 0 | @aCN@bQSSK@c20080413 |
| 905 | @b291910-11@dTB6-61@eC420@f2 | |
| 英汉·汉英制冷与低温词汇= English-Chinese and Chinese-English dictionary of refrigeration and cryogenics/陈国邦主编.-北京:化学工业出版社,2008.01 |
| 505页;21cm |
| ISBN 978-7-122-01380-4:CNY68.00 |
| 本词汇收词50000余条,所收词汇主要来自最新的制冷与低温的教科书、专著和手册、国家及行业标准、专业期刊、产品样本及说明书等,内容涉及低温、制冷及空调技术的工艺原理等基本词汇。 |
| ● |
| 相关链接 |
|
|
|
正题名:英汉·汉英制冷与低温词汇
索取号:TB6-61/C420
 
预约/预借
| 序号 | 登录号 | 条形码 | 馆藏地/架位号 | 状态 | 备注 |
| 1 | 291910 | 202919100 | 自科库501/501自科库 18排2列2层/ [索取号:TB6-61/C420] | 在馆 | |
| 2 | 291911 | 202919119 | 自科库501/501自科库 18排2列2层/ [索取号:TB6-61/C420] | 在馆 |